Stati sopra o sotto l'Equatore? - Quiz n°10 - Statistics

Statistiche generali
  • Questo quiz è stato fatto 30 volte
  • Il punteggio medio è 8 su 10
Statistiche sulle risposte
Hint Risposta % Corretto
Trinidad e Tobago Nord dell'Equatore
89%
Haiti Nord dell'Equatore
89%
Samoa Sud dell'Equatore
85%
Mozambico Sud dell'Equatore
85%
Cambogia Nord dell'Equatore
81%
Yemen Nord dell'Equatore
81%
Bolivia Sud dell'Equatore
74%
Timor Est Sud dell'Equatore
67%
Guinea Equatoriale Nord dell'Equatore
63%
Sierra Leone Nord dell'Equatore
59%
Nessun quiz corrispondente trovato
Distribuzione punteggi
Percentuale di utenti per punteggio
Percentile per numero di risposta
I tuoi punteggi nel tempo
Non hai fatto questo quiz